000 00519nam a2200145Ia 4500
008 230917s9999||||xx |||||||||||||| ||und||
040 _e206751
_aMAIN
041 _aEnglish
082 _a891.431731 SB58:YR
100 _aयादव, रामपत
245 0 _aभारतभूषण सांधीवाल हिन्दी काव्य ग्रन्थावली
260 _aगाजियाबाद
_bलता साहित्य सदन
_c2005
300 _a294 पृ. p.
942 _cHN
999 _c174874
_d174874